Loading...
| Science - Biology | 2 | 3 | 0 | 0 | 60 | 57 | 85.00 | 2 | 5 |
| Fine Arts - Visual Fine Arts | 0 | 3 | 0 | 0 | 30 | 113 | 120.00 | 1 | 3 |
| Science - Physics | 0 | 3 | 0 | 1 | 30 | 98 | 112.00 | 1 | 3 |
| Beliefs | 0 | 2 | 0 | 0 | 20 | 120 | 125.50 | 0 | 2 |
| Current Events | 0 | 2 | 0 | 0 | 20 | 55 | 59.50 | 1 | 2 |
| History - World History | 0 | 2 | 0 | 1 | 20 | 121 | 129.50 | 1 | 2 |
| History - American History | 0 | 2 | 0 | 0 | 20 | 95 | 102.00 | 1 | 2 |
| Other Science: Computer Science | 0 | 1 | 0 | 0 | 10 | 135 | 135.00 | 0 | 1 |
| Religion | 0 | 1 | 0 | 0 | 10 | 106 | 106.00 | 1 | 1 |
| Science - Chemistry | 0 | 1 | 0 | 0 | 10 | 59 | 59.00 | 1 | 1 |
| 0 | 1 | 0 | 0 | 10 | 112 | 112.00 | 1 | 1 | |
| Geography | 0 | 1 | 0 | 0 | 10 | 74 | 74.00 | 0 | 1 |
| Literature - British Literature | 0 | 1 | 0 | 1 | 10 | 154 | 154.00 | 0 | 1 |
| Other Academic | 0 | 1 | 0 | 0 | 10 | 120 | 120.00 | 1 | 1 |
| Other Arts: Auditory | 0 | 1 | 0 | 0 | 10 | 107 | 107.00 | 0 | 1 |
| Other Arts: Visual | 0 | 1 | 0 | 1 | 10 | 142 | 142.00 | 0 | 1 |
| Other Science: Astronomy | 0 | 1 | 0 | 1 | 10 | 151 | 151.00 | 0 | 1 |
| Social Science | 0 | 1 | 0 | 0 | 10 | 79 | 79.00 | 0 | 1 |
| History - European History | 0 | 1 | 1 | 1 | 5 | 130 | 130.00 | 0 | 1 |
| Other Science: Math | 0 | 0 | 1 | 0 | -5 | 0.00 | 0 | 0 |